|
|
|
|
| LEADER |
01757nam a22002657a 4500 |
| 003 |
GR-PaULI |
| 005 |
20210117210709.0 |
| 008 |
180801s2016 gr a|||f m||| 00| 0 gre d |
| 040 |
|
|
|a GR-PaULI
|b gre
|c GR-PaULI
|e AACR2
|
| 082 |
|
|
|2 23
|a 616.123 705
|
| 100 |
1 |
|
|9 170539
|a Διοκμετζίδου, Αντιγόνη
|e συγγραφέας
|
| 245 |
1 |
0 |
|a Μελέτη των μηχανισμών καρδιοπροστασίας στο μυοκάρδιο με έλλειψη δεσμίνης /
|c Αντιγόνη Διοκμετζίδου.
|
| 300 |
|
|
|a 299 σ. :
|b έγχ. εικ. ;
|c 30 εκ.
|
| 502 |
|
|
|a Διδακτορική διατριβή (Δ.Δ.)--Πανεπιστήμιο Πατρών, 2016.
|
| 504 |
|
|
|a Περιλαμβάνει βιβλιογραφικές παραπομπές.
|
| 650 |
|
4 |
|9 46149
|a Μυοκάρδιο
|x Ασθένειες
|
| 650 |
|
0 |
|9 170540
|a Καρδιά
|x Έμφραγμα
|x Πρόληψη
|
| 700 |
1 |
|
|9 170542
|a Καπετανακή, Γιασεμή
|e επιβλέπουσα καθηγήτρια
|
| 710 |
2 |
|
|9 159205
|a Πανεπιστήμιο Πατρών
|b Σχολή Θετικών Επιστημών
|b Τμήμα Βιολογίας
|b Τομέας Γενετικής Βιολογίας Κυττάρου και Ανάπτυξης
|
| 710 |
2 |
|
|9 170545
|a Ακαδημία Αθηνών
|b Ίδρυμα Ιατροβιολοβικών Ερευνών
|b Κέντρο Βασικής Έρευνας
|
| 856 |
|
|
|u http://hdl.handle.net/10889/11041
|
| 942 |
|
|
|2 ddc
|c BKTD
|
| 952 |
|
|
|0 0
|1 0
|2 ddc
|4 0
|6 616_123000000000000_705_ΔΙΟ
|7 0
|9 225139
|a LISP
|b LISP
|c RES
|d 2018-08-01
|i 136162
|l 0
|o 616.123 705 ΔΙΟ
|p 025000254183
|r 2018-08-01 00:00:00
|t 1
|v 2018.00
|w 2018-08-01
|y BKTD
|
| 998 |
|
|
|b ΓΙΑΝΝΟΠΟΥΛΟΥ ΓΕΩΡΓΙΑ
|d 2018-08
|
| 999 |
|
|
|c 135868
|d 135868
|